Kỹ thuật sản xuất đường mía

Сохранить в:
Библиографические подробности
Главный автор: Nguyễn Ngộ
Формат:
Язык:Undetermined
Опубликовано: Hà Nội KHKT 1984
Предметы:
Метки: Добавить метку
Нет меток, Требуется 1-ая метка записи!
Thư viện lưu trữ: Trung tâm Học liệu Trường Đại học Cần Thơ
LEADER 00511nam a2200181Ia 4500
001 CTU_21072
008 210402s9999 xx 000 0 und d
082 |a 664.15 
082 |b Ng450 
100 |a Nguyễn Ngộ 
245 0 |a Kỹ thuật sản xuất đường mía 
245 0 |c Nguyễn Ngộ 
260 |a Hà Nội 
260 |b KHKT 
260 |c 1984 
650 |a sugar trade,sugarcane industry 
904 |i Minh, 980713 
980 |a Trung tâm Học liệu Trường Đại học Cần Thơ